Statistics for U.S. States Bordering New York - Map Quiz

Click here to take the quiz!

General Stats

  • This quiz has been taken 348 times
  • The average score is 5 of 5

Answers on the Map

Answers color-coded by a green-red scale on the quiz's map according to % correct below.
 

Answer Stats

Answer% Correct
Pennsylvania
95%
Connecticut
93%
New Jersey
93%
Vermont
92%
Massachusetts
90%

Score Distribution

Percentile by Number Answered

Percent of People with Each Score

Your Score History

You have not taken this quiz